| 000 | 00818nam a22001817a 4500 | ||
|---|---|---|---|
| 005 | 20120204100140.0 | ||
| 020 |
_c200.00 _a818826728 |
||
| 035 | _aB-142756 | ||
| 037 |
_b _adpl |
||
| 082 | _a070.23 | ||
| 100 |
_a आर्य, पुष्पेंद्र कुमार _940761 |
||
| 245 | 1 |
_aमीडिया में कैरियर / _cपुष्पेंद्र कुमार आर्य |
|
| 260 |
_aनई दिल्ली _bग्रंथ अकादमी _c2004 |
||
| 270 |
_a _b _e _k |
||
| 300 |
_a196पृ. _c22सेमी (सजिल्द) |
||
| 942 |
_adpl _cHN _k _2ddc _h070.23 _mआर्यपु |
||
| 999 |
_c61937 _d61937 |
||